000 01863nam a22002537a 4500
003 Uzh_bibl
008 260427b |||||||| |||| 00| 0 ukr d
020 _c1.80
040 _aукр.
041 _2ukr
_aukr
080 _a821(477)
090 _a821(477)
_bН 58
100 _aНехода, Іван
245 _aВибране: Поезії
_cУпоряд. Т.І. Нехода
_hТекст
260 _aКиїв
_bДніпро
_c1980
300 _a318 с.
_fВ опр.
520 _aЗбірка “Вибране” Івана Неходи об’єднує найкращі поетичні твори автора, у яких відображено любов до рідної землі, красу української природи та складні сторінки історії. Поезії сповнені глибокого ліризму, щирих почуттів і роздумів про життя, пам’ять і людську долю. Значне місце посідає тема війни та її впливу на людину. Творчість вирізняється емоційністю, образністю та патріотичним звучанням.
521 _aДля широкого кола читачів
546 _aукр.
650 _vЛітературно-художнє видання
_yХХ століття, зокрема довоєнний, воєнний і повоєнний періоди
_zПодії охоплюють Україну (переважно сільське й частково міське середовище)
653 _aБатьківщина
_aПрирода
_aПам’ять
_aВійна
_aЛюдина
655 _aПоезія, лірика (громадянська, пейзажна, інтимна)
_v[Збірник]
942 _2udc
_cBK
999 _c17534
_d17534